=LDR 00000nam 2200000 4500 =001 INLIS000000000009705 =005 20130612101505 =008 ***********************************Ind** =035 ##$$0010-061300000009705 =041 ##$$a Ind =082 ##$$a 634.573 =090 ##$$a Sumartono =245 ##$$a Jambu Mete, Sumartono =260 ##$$a 1983 $b Jakarta =300 ##$$a 48 hlm, ilus, 20 cm =650 ##$$a Jambu Mete =850 ##$$a NBPNMAT